[Event "Madrid Chamartin op 8th"]
[Site "Madrid"]
[Date "2019.09.15"]
[Round "9"]
[White "Garcia Serrano, Jose Manuel"]
[Black "Serrera Sanchez Romo, Sergio"]
[Result "1-0"]
[WhiteElo "1889"]
[BlackElo "1631"]
[PlyCount "49"]
[EventDate "2019.09.09"]
[EventType "swiss"]
[EventRounds "9"]
[EventCountry "ESP"]
[SourceTitle "CBM 192 Extra"]
[Source "Chessbase"]
[SourceDate "2019.11.06"]
[SourceVersion "1"]
[SourceVersionDate "2019.11.06"]
[SourceQuality "1"]

1. e4 c5 2. d4 cxd4 3. c3 Nf6 4. e5 Nd5 5. cxd4 Qc7 6. Nf3 e6 7. a3 d6 8. Bd2 Nc6 9. exd6 Bxd6 10. Nc3 0-0 11. Bd3 Nxc3 12. bxc3 e5 13. 0-0 g6 14. h3 exd4 15. cxd4 Rd8 16. Be3 Be6 17. Qe2 Be7 18. Rfc1 Qd7 19. Bb5 Bf6 20. Ne5 Bxe5 21. dxe5 Rab8 22. Bg5 Rdc8 23. Rd1 Bd5 24. Qe3 Re8 25. Bf6 1-0

[Event "Madrid Chamartin op 8th"]
[Site "Madrid"]
[Date "2019.09.12"]
[Round "6"]
[White "Perdiguero Herreros, Alejandro"]
[Black "Garcia Serrano, Jose Manuel"]
[Result "1-0"]
[WhiteElo "1545"]
[BlackElo "1889"]
[PlyCount "107"]
[EventDate "2019.09.09"]
[EventType "swiss"]
[EventRounds "9"]
[EventCountry "ESP"]
[SourceTitle "CBM 192 Extra"]
[Source "Chessbase"]
[SourceDate "2019.11.06"]
[SourceVersion "1"]
[SourceVersionDate "2019.11.06"]
[SourceQuality "1"]

1. e4 e5 2. Nf3 Nc6 3. Bc4 Nf6 4. Nc3 Bc5 5. d3 h6 6. Ne2 Bb6 7. c3 d6 8. Ng3 Bg4 9. h3 Bd7 10. Bb3 Qe7 11. 0-0 g5 12. Nh2 g4 13. h4 0-0-0 14. Be3 Rdg8 15. Bxb6 cxb6 16. f4 gxf3 17. Qxf3 Ng4 18. Nf5 Bxf5 19. Qxf5+ Qd7 20. Qxd7+ Kxd7 21. Rxf7+ Ne7 22. Nxg4 Rxg4 23. Raf1 Rxh4 24. Rg7 Rf4 25. Rxf4 exf4 26. Rf7 Ke8 27. Rxf4 Rh7 28. Rf6 Kd7 29. Kf2 h5 30. Rf7 Rh6 31. d4 Ke8 32. Rf3 Ng6 33. Bf7+ Ke7 34. Bxg6 Rxg6 35. Rf5 h4 36. Rh5 Rg4 37. Rh7+ Kf6 38. Rxb7 Rxe4 39. Rxa7 Ke6 40. Rb7 Kd5 41. Rxb6 Kc4 42. Rxd6 Kd3 43. Rb6 Re2+ 44. Kg1 Kc4 45. a4 Re1+ 46. Kh2 Ra1 47. Rb4+ Kd5 48. Kh3 Rh1+ 49. Kg4 Rh2 50. a5 Ke4 51. Rb8 Rxg2+ 52. Kxh4 Rg6 53. Kh5 Ra6 54. Rb5 1-0

[Event "Collado Villalba op-B 35th"]
[Site "Collado Villalba"]
[Date "2018.08.28"]
[Round "5"]
[White "Mataix Fernandez, Ricardo"]
[Black "Garcia Serrano, Jose Manuel"]
[Result "0-1"]
[WhiteElo "1724"]
[BlackElo "1908"]
[PlyCount "134"]
[EventDate "2018.08.24"]
[EventType "swiss"]
[EventRounds "9"]
[EventCountry "ESP"]
[SourceTitle "CBM 186 Extra"]
[Source "ChessBase"]
[SourceDate "2018.08.24"]
[SourceVersion "1"]
[SourceVersionDate "2018.08.24"]
[SourceQuality "1"]

1. d4 d5 2. Bf4 Nc6 3. e3 Bf5 4. c3 Nf6 5. h3 a6 6. Nd2 e6 7. Ngf3 Bd6 8. Ne5 Bxe5 9. dxe5 Nd7 10. Nf3 Be4 11. Bd3 Bxf3 12. Qxf3 Ndxe5 13. Qe2 Nxd3+ 14. Qxd3 0-0 15. h4 e5 16. Bg3 Qd7 17. 0-0-0 Rad8 18. h5 h6 19. f3 Qe6 20. Kb1 b5 21. Bh4 f6 22. g4 b4 23. Be1 bxc3 24. Bxc3 d4 25. exd4 exd4 26. Rhe1 Qf7 27. Bd2 Ne5 28. Qa3 Nc4 29. Qe7 Rfe8 30. Qxf7+ Kxf7 31. Bf4 Ne5 32. Rc1 Rd7 33. Bxe5 Rxe5 34. Rxe5 fxe5 35. Rc6 Rd6 36. Rxc7+ Kf6 37. Kc2 g6 38. Rh7 Kg5 39. Re7 Kf4 40. hxg6 Rxg6 41. Rf7+ Ke3 42. Rf5 Rc6+ 43. Kd1 Rc5 44. f4 Ke4 45. Kd2 Rb5 46. Rxe5+ Rxe5 47. fxe5 Kxe5 48. b4 Kf4 49. a4 Ke4 50. b5 axb5 51. a5 Kd5 52. a6 Kc6 53. a7 Kb7 54. a8Q+ Kxa8 55. Kd3 Kb7 56. Kxd4 Kb6 57. Kc3 Kc5 58. Kb3 Kd4 59. Kb4 Ke4 60. Kxb5 Kf4 61. Kc4 Kxg4 62. Kd3 Kf3 63. Kd2 Kf2 64. Kd3 h5 65. Ke4 Kg3 66. Ke3 h4 67. Ke2 Kg2 0-1

[Event "Collado Villalba op-B 35th"]
[Site "Collado Villalba"]
[Date "2018.08.27"]
[Round "4"]
[White "Garcia Serrano, Jose Manuel"]
[Black "Palomares Cortez, Facundo Sebast"]
[Result "1-0"]
[WhiteElo "1908"]
[BlackElo "1486"]
[PlyCount "51"]
[EventDate "2018.08.24"]
[EventType "swiss"]
[EventRounds "9"]
[EventCountry "ESP"]
[SourceTitle "CBM 186 Extra"]
[Source "ChessBase"]
[SourceDate "2018.08.24"]
[SourceVersion "1"]
[SourceVersionDate "2018.08.24"]
[SourceQuality "1"]

1. e4 c5 2. d4 cxd4 3. c3 dxc3 4. Nxc3 Nc6 5. Nf3 e6 6. Bc4 a6 7. 0-0 b5 8. Bb3 Bb7 9. Re1 Nge7 10. a4 b4 11. Nd5 Rc8 12. Be3 Nxd5 13. exd5 Na5 14. Bd4 Be7 15. Bc2 Bxd5 16. Qd3 Bc4 17. Qe3 Qc7 18. Bxg7 Rg8 19. Qh6 Bf8 20. Bxf8 Rxf8 21. Ng5 Qf4 22. g3 Qd2 23. Rad1 Qxc2 24. Nxh7 Rh8 25. Nf6+ Ke7 26. Rxd7# 1-0

[Event "Madrid-ch Previa-B"]
[Site "Madrid"]
[Date "2018.02.10"]
[Round "5"]
[White "Cabanas Bravo, Juan Andres"]
[Black "Garcia Serrano, Jose Manuel"]
[Result "0-1"]
[WhiteElo "1954"]
[BlackElo "1919"]
[PlyCount "50"]
[EventDate "2018.02.01"]
[EventType "swiss"]
[EventRounds "9"]
[EventCountry "ESP"]
[SourceTitle "EXT 2020"]
[Source "ChessBase"]
[SourceDate "2019.10.17"]
[SourceVersion "1"]
[SourceVersionDate "2019.10.17"]
[SourceQuality "1"]

1. e4 e5 2. d4 exd4 3. c3 d5 4. exd5 Nf6 5. Bb5+ Bd7 6. Bc4 dxc3 7. Nxc3 Bd6 8. Qb3 Na6 9. Bxa6 bxa6 10. Qc4 0-0 11. Qxa6 Re8+ 12. Nge2 Rb8 13. Qxa7 Rb6 14. Be3 Rxb2 15. h3 Ne4 16. 0-0 Nxc3 17. Nxc3 Qf6 18. Rfc1 Bxh3 19. Ne4 Qg6 20. Ng5 Bxg2 21. Kxg2 f6 22. Rc6 fxg5 23. Qd4 Re2 24. Kf1 Qh5 25. Qd1 R8xe3 0-1

[Event "Madrid-ch Previa-B"]
[Site "Madrid"]
[Date "2018.02.03"]
[Round "3"]
[White "Castro Uceda, Jose Antonio"]
[Black "Garcia Serrano, Jose Manuel"]
[Result "0-1"]
[WhiteElo "1622"]
[BlackElo "1919"]
[PlyCount "32"]
[EventDate "2018.02.01"]
[EventType "swiss"]
[EventRounds "9"]
[EventCountry "ESP"]
[SourceTitle "EXT 2020"]
[Source "ChessBase"]
[SourceDate "2019.10.17"]
[SourceVersion "1"]
[SourceVersionDate "2019.10.17"]
[SourceQuality "1"]

1. e4 e5 2. Nf3 Nc6 3. Bb5 a6 4. Ba4 Nf6 5. d3 b5 6. Bb3 h6 7. 0-0 Bc5 8. h3 Bb6 9. a3 d6 10. Re1 g5 11. Nh2 Rg8 12. Nc3 g4 13. hxg4 Nxg4 14. Nxg4 Bxg4 15. Qd2 Bf3 16. Qxh6 Rxg2+ 0-1

[Event "Madrid-ch Previa-B"]
[Site "Madrid"]
[Date "2018.02.02"]
[Round "2"]
[White "Garcia Serrano, Jose Manuel"]
[Black "Garcia Guitian, Angel"]
[Result "1-0"]
[WhiteElo "1919"]
[BlackElo "1816"]
[PlyCount "119"]
[EventDate "2018.02.01"]
[EventType "swiss"]
[EventRounds "9"]
[EventCountry "ESP"]
[SourceTitle "EXT 2020"]
[Source "ChessBase"]
[SourceDate "2019.10.17"]
[SourceVersion "1"]
[SourceVersionDate "2019.10.17"]
[SourceQuality "1"]

1. e4 c5 2. d4 cxd4 3. c3 dxc3 4. Nxc3 Nc6 5. Nf3 e6 6. Bc4 a6 7. 0-0 b5 8. Bb3 Na5 9. Bc2 Bb7 10. Qe2 Ne7 11. Bg5 h6 12. Be3 Ng6 13. Rad1 Be7 14. Nd4 0-0 15. Qh5 Nc4 16. Bc1 Qc7 17. f4 Qc5 18. e5 Nh4 19. Ne4 Bxe4 20. Bxe4 d5 21. Bb1 Rad8 22. Kh1 b4 23. f5 exf5 24. Nxf5 Nxf5 25. Rxf5 Ne3 26. Bxe3 Qxe3 27. Rf3 Qg5 28. Qxg5 Bxg5 29. Rdf1 d4 30. e6 fxe6 31. Rxf8+ Rxf8 32. Bh7+ Kxh7 33. Rxf8 d3 34. Rf3 d2 35. Rd3 e5 36. Kg1 Kg6 37. Kf1 Kf5 38. Ke2 Ke6 39. h4 Bxh4 40. Rxd2 Bg5 41. Rc2 Kd6 42. Rc8 Kd7 43. Ra8 Kc6 44. Rxa6+ Kb5 45. Re6 Bf6 46. Ke3 h5 47. Ke4 h4 48. Kd5 e4 49. b3 e3 50. Rxe3 Bc3 51. Re8 g5 52. Rb8+ Ka6 53. Ke4 Ka7 54. Rd8 g4 55. Rd7+ Kb6 56. Rh7 h3 57. gxh3 gxh3 58. Rxh3 Bd2 59. Rd3 Be1 60. Kd5 1-0

[Event "Madrid Chamartin op 6th"]
[Site "Madrid"]
[Date "2017.09.09"]
[Round "8"]
[White "Garcia Serrano, Jose Manuel"]
[Black "Lozano Freras, Sergio"]
[Result "1-0"]
[WhiteElo "1843"]
[BlackElo "1969"]
[PlyCount "79"]
[EventDate "2017.09.04"]
[EventType "swiss"]
[EventRounds "9"]
[EventCountry "ESP"]
[SourceTitle "CBM 180 Extra"]
[Source "ChessBase"]
[SourceDate "2017.10.06"]
[SourceVersion "1"]
[SourceVersionDate "2017.10.06"]
[SourceQuality "1"]

1. e4 d6 2. d4 Nf6 3. Nc3 e5 4. f4 exd4 5. Qxd4 Nc6 6. Qf2 d5 7. exd5 Nxd5 8. Bd2 Nxc3 9. Bxc3 Bb4 10. Qe3+ Qe7 11. Qxe7+ Kxe7 12. Bxb4+ Nxb4 13. Bd3 Nxd3+ 14. cxd3 Bf5 15. Nf3 Rhd8 16. d4 Be4 17. Ng5 Rxd4 18. 0-0 h6 19. Nh3 Kf8 20. Rae1 Bd5 21. f5 Rd2 22. Nf4 Bc6 23. Rf2 Rad8 24. Ne6+ fxe6 25. fxe6+ Rxf2 26. e7+ Ke8 27. exd8Q+ Kxd8 28. Kxf2 Bd5 29. a3 Kd7 30. Re3 c5 31. Rg3 g5 32. Rh3 b5 33. Rxh6 a5 34. Rg6 b4 35. Rxg5 Kc6 36. axb4 cxb4 37. Ke3 a4 38. Kd4 a3 39. bxa3 b3 40. Kc3 1-0

[Event "Madrid-ch sf"]
[Site "Madrid"]
[Date "2017.04.05"]
[Round "8"]
[White "Lopez Heras, Arturo"]
[Black "Garcia Serrano, Jose Manuel"]
[Result "0-1"]
[WhiteElo "1905"]
[BlackElo "1871"]
[PlyCount "75"]
[EventDate "2017.03.27"]
[EventType "swiss"]
[EventRounds "9"]
[EventCountry "ESP"]
[SourceTitle "CBM 177 Extra"]
[Source "ChessBase"]
[SourceDate "2017.04.27"]
[SourceVersion "1"]
[SourceVersionDate "2017.04.27"]
[SourceQuality "1"]

1. d4 d5 2. c4 Nc6 3. e3 e5 4. dxe5 d4 5. exd4 Qxd4 6. Qxd4 Nxd4 7. Bd3 Bg4 8. f3 Be6 9. b3 0-0-0 10. Ba3 Bxa3 11. Nxa3 Nxb3 12. axb3 Rxd3 13. Rb1 Ne7 14. Kf2 Rhd8 15. Ne2 Rd2 16. Rhe1 Bf5 17. Rbc1 Nc6 18. Kg1 Rb2 19. Rc3 Ra2 20. Ng3 Bg6 21. Nb1 Bxb1 22. Rxb1 Rdd2 23. Ne4 Rxg2+ 24. Kf1 Rxh2 25. Kg1 Nxe5 26. f4 Rag2+ 27. Kf1 Ng6 28. Rg3 Nxf4 29. Rxg2 Rxg2 30. Rd1 Rb2 31. Ng5 f6 32. Nf7 Ne6 33. Rd3 Rh2 34. c5 Rh4 35. Kf2 Rd4 36. Rh3 Rd7 37. Nh8 Ng5 38. Re3 0-1

[Event "Madrid-ch Previa-B"]
[Site "Madrid"]
[Date "2017.02.17"]
[Round "6"]
[White "Garcia Serrano, Jose Manuel"]
[Black "Barragan Arriaza, Pablo"]
[Result "1/2-1/2"]
[WhiteElo "1859"]
[BlackElo "1813"]
[PlyCount "80"]
[EventDate "2017.02.02"]
[EventType "swiss"]
[EventRounds "9"]
[EventCountry "ESP"]
[SourceTitle "EXT 2018"]
[Source "ChessBase"]
[SourceDate "2017.10.13"]
[SourceVersion "1"]
[SourceVersionDate "2017.10.13"]
[SourceQuality "1"]

1. e4 g6 2. d4 Bg7 3. Nc3 d6 4. f4 Nd7 5. Nf3 a6 6. Bc4 e6 7. a4 Ne7 8. 0-0 0-0 9. Be3 Nb6 10. Bb3 d5 11. e5 Nf5 12. Bf2 h5 13. g3 Nd7 14. h3 Nh6 15. Ng5 Qe7 16. g4 hxg4 17. hxg4 c5 18. Bxd5 exd5 19. Nxd5 Qd8 20. dxc5 Bxe5 21. Qf3 Bg7 22. Ne4 Nxg4 23. Qxg4 Nxc5 24. Qf3 Nxe4 25. Qxe4 Re8 26. Qg2 Be6 27. Rad1 Bxd5 28. Rxd5 Qc7 29. Bd4 Bxd4+ 30. Rxd4 Qc5 31. c3 Qf5 32. Rd5 Qe4 33. Qxe4 Rxe4 34. Rd7 b5 35. axb5 axb5 36. Rb7 Ra5 37. Rf2 Kg7 38. Kg2 Re3 39. Rd2 Ra4 40. Rf2 Ra5 1/2-1/2

[Event "Madrid-ch sf-B"]
[Site "Madrid"]
[Date "2013.03.23"]
[Round "7"]
[White "Garcia Serrano, Jose Manuel"]
[Black "Arroyo Fernandez, Francisco J"]
[Result "1-0"]
[WhiteElo "1892"]
[BlackElo "1832"]
[PlyCount "47"]
[EventDate "2013.03.07"]
[EventType "swiss"]
[EventRounds "9"]
[EventCountry "ESP"]
[SourceTitle "CBM 153 Extra"]
[Source "ChessBase"]
[SourceDate "2013.04.22"]
[SourceVersion "1"]
[SourceVersionDate "2013.04.22"]
[SourceQuality "1"]

1. e4 d6 2. d4 Nf6 3. Nc3 c6 4. f4 Qa5 5. Bd3 e5 6. Nf3 exd4 7. Nxd4 Qb6 8. Be3 Ng4 9. Bg1 Qxb2 10. Nde2 d5 11. a3 Bb4 12. axb4 Qxb4 13. exd5 0-0 14. Ra4 Qd6 15. h3 Qh6 16. Bc5 Re8 17. Re4 Rxe4 18. Bxe4 Nd7 19. dxc6 bxc6 20. 0-0 Ngf6 21. Bxc6 Rb8 22. Qd6 Qh5 23. Bxa7 Ne8 24. Qe7 1-0

[Event "Madrid-ch sf-B"]
[Site "Madrid"]
[Date "2013.03.16"]
[Round "5"]
[White "Garcia Serrano, Jose Manuel"]
[Black "Vukotic Jovsic, Dragan"]
[Result "0-1"]
[WhiteElo "1892"]
[BlackElo "1993"]
[PlyCount "74"]
[EventDate "2013.03.07"]
[EventType "swiss"]
[EventRounds "9"]
[EventCountry "ESP"]
[SourceTitle "CBM 153 Extra"]
[Source "ChessBase"]
[SourceDate "2013.04.22"]
[SourceVersion "1"]
[SourceVersionDate "2013.04.22"]
[SourceQuality "1"]

1. e4 e6 2. d4 d5 3. Nc3 Bb4 4. e5 c5 5. a3 Bxc3+ 6. bxc3 Ne7 7. Qg4 Qc7 8. Qxg7 Rg8 9. Qxh7 cxd4 10. Kd1 Qxc3 11. Rb1 d3 12. Qxd3 Qxe5 13. Nf3 Qc7 14. h4 Nbc6 15. h5 f6 16. h6 e5 17. Nh4 Bg4+ 18. Be2 Bxe2+ 19. Qxe2 Nd4 20. Qh5+ Kd7 21. Rb2 Rac8 22. h7 Rh8 23. Ng6 Nxg6 24. Qxg6 Ke6 25. Rh6 Rcf8 26. Be3 Nf5 27. Rh5 Nxe3+ 28. fxe3 b6 29. g4 Qc4 30. Rf5 Qe4 31. Ke2 Rxh7 32. Qxh7 Qxg4+ 33. Rf3 e4 34. Qxa7 exf3+ 35. Kd3 Qc4+ 36. Kd2 Qe2+ 37. Kc3 Rc8+ 0-1

[Event "Madrid-ch sf-B"]
[Site "Madrid"]
[Date "2013.03.09"]
[Round "3"]
[White "Garcia Serrano, Jose Manuel"]
[Black "Esquivias Gomez, Francisco Javier"]
[Result "1/2-1/2"]
[WhiteElo "1892"]
[BlackElo "1951"]
[PlyCount "113"]
[EventDate "2013.03.07"]
[EventType "swiss"]
[EventRounds "9"]
[EventCountry "ESP"]
[SourceTitle "CBM 153 Extra"]
[Source "ChessBase"]
[SourceDate "2013.04.22"]
[SourceVersion "1"]
[SourceVersionDate "2013.04.22"]
[SourceQuality "1"]

1. e4 Nf6 2. e5 Nd5 3. d4 d6 4. Nf3 Bg4 5. Be2 e6 6. c4 Nb6 7. exd6 cxd6 8. 0-0 Be7 9. Nc3 0-0 10. b3 a5 11. Bf4 d5 12. Nb5 Na6 13. Qd2 dxc4 14. bxc4 Bxf3 15. Bxf3 Nxc4 16. Qe2 Nd6 17. Bxd6 Bxd6 18. Bxb7 Bxh2+ 19. Kxh2 Qb8+ 20. Qe5 Qxb7 21. Nd6 Qd5 22. Rfc1 Rfd8 23. Qxd5 exd5 24. Nb7 Re8 25. Nxa5 Re2 26. Nc6 g6 27. Kg3 Kg7 28. a4 h5 29. Rab1 Ra2 30. a5 h4+ 31. Kf3 Re8 32. Rb7 Ra3+ 33. Kg4 Re4+ 34. Kg5 Re6 35. Ne5 Rf6 36. f3 Rxa5 37. Rc8 Ra4 38. Rg8+ Kxg8 39. Kxf6 Rxd4 40. Ra7 Rf4+ 41. Kg5 Rf5+ 42. Kxh4 Rxe5 43. Rxa6 Kg7 44. Rd6 Kf8 45. f4 Rh5+ 46. Kg4 Ke7 47. Ra6 Rf5 48. Kf3 g5 49. g3 gxf4 50. gxf4 Rf6 51. Ra5 Rd6 52. Ra4 d4 53. Ra2 Kf6 54. Ke4 d3 55. Rd2 Ke6 56. Rxd3 Rxd3 57. Kxd3 1/2-1/2

[Event "Madrid-ch sf-B"]
[Site "Madrid"]
[Date "2013.03.08"]
[Round "2"]
[White "Garcia Serrano, Jose Manuel"]
[Black "Garcia Ruiz Fuentes, Angel Marcos"]
[Result "1-0"]
[WhiteElo "1892"]
[BlackElo "1952"]
[PlyCount "53"]
[EventDate "2013.03.07"]
[EventType "swiss"]
[EventRounds "9"]
[EventCountry "ESP"]
[SourceTitle "CBM 153 Extra"]
[Source "ChessBase"]
[SourceDate "2013.04.22"]
[SourceVersion "1"]
[SourceVersionDate "2013.04.22"]
[SourceQuality "1"]

1. e4 c5 2. Nf3 d6 3. d4 cxd4 4. Nxd4 Nf6 5. Nc3 a6 6. Be2 e5 7. Nb3 Be7 8. 0-0 0-0 9. f4 b5 10. Bf3 Bb7 11. a3 Nbd7 12. f5 Nc5 13. Qe2 Nxb3 14. cxb3 b4 15. axb4 Qb6+ 16. Kh1 Qxb4 17. g4 Nd7 18. g5 Nc5 19. Qg2 Nxb3 20. Ra4 Qc5 21. f6 Bd8 22. fxg7 Kxg7 23. Qh3 Nxc1 24. Qh6+ Kg8 25. Bg4 f5 26. gxf6 Rf7 27. Be6 1-0

[Event "Madrid-ch Previa-B"]
[Site "Madrid"]
[Date "2013.02.22"]
[Round "8"]
[White "Garcia Serrano, Jose Manuel"]
[Black "Lopez Ziegler, Carlos"]
[Result "1/2-1/2"]
[WhiteElo "1877"]
[BlackElo "1911"]
[PlyCount "51"]
[EventDate "2013.02.01"]
[EventType "swiss"]
[EventRounds "9"]
[EventCountry "ESP"]
[SourceTitle "CBM 152 Extra"]
[Source "ChessBase"]
[SourceDate "2013.02.25"]
[SourceVersion "1"]
[SourceVersionDate "2013.02.25"]
[SourceQuality "1"]

1. e4 c5 2. d4 cxd4 3. c3 Nf6 4. e5 Nd5 5. cxd4 e6 6. Nc3 d6 7. exd6 Qxd6 8. Nf3 Nc6 9. Be2 Be7 10. 0-0 a6 11. Ng5 Nf6 12. Be3 Nb4 13. Qd2 Nbd5 14. Nge4 Nxe4 15. Nxe4 Qd8 16. Bf4 Nxf4 17. Qxf4 Bd7 18. Rfd1 Ba4 19. d5 Bxd1 20. dxe6 fxe6 21. Rxd1 Qb8 22. Nd6+ Bxd6 23. Rxd6 Ke7 24. Rxe6+ Kxe6 25. Bc4+ Ke7 26. Qf7+ 1/2-1/2

[Event "Madrid-ch Previa-B"]
[Site "Madrid"]
[Date "2013.02.16"]
[Round "7"]
[White "Rodriguez del Pino, Daniel"]
[Black "Garcia Serrano, Jose Manuel"]
[Result "0-1"]
[WhiteElo "1906"]
[BlackElo "1877"]
[PlyCount "42"]
[EventDate "2013.02.01"]
[EventType "swiss"]
[EventRounds "9"]
[EventCountry "ESP"]
[SourceTitle "CBM 152 Extra"]
[Source "ChessBase"]
[SourceDate "2013.02.25"]
[SourceVersion "1"]
[SourceVersionDate "2013.02.25"]
[SourceQuality "1"]

1. e4 e5 2. Nf3 Nc6 3. Bc4 Nf6 4. Ng5 d5 5. exd5 Nd4 6. c3 b5 7. Bf1 Nxd5 8. cxd4 Qxg5 9. Bxb5+ Kd8 10. 0-0 Bb7 11. Qf3 Rb8 12. Qh3 Bc8 13. d3 Qg6 14. Qf3 Rxb5 15. a4 Bg4 16. Qe4 f5 17. Qe1 Bf3 18. g3 Bb4 19. Bd2 Qg4 20. Qxe5 Qh3 21. Bg5+ Kc8 0-1

[Event "Madrid-ch Previa-B"]
[Site "Madrid"]
[Date "2013.02.02"]
[Round "2"]
[White "Canseco Arenas, Alfonso"]
[Black "Garcia Serrano, Jose Manuel"]
[Result "0-1"]
[WhiteElo "1706"]
[BlackElo "1877"]
[PlyCount "44"]
[EventDate "2013.02.01"]
[EventType "swiss"]
[EventRounds "9"]
[EventCountry "ESP"]
[SourceTitle "CBM 152 Extra"]
[Source "ChessBase"]
[SourceDate "2013.02.25"]
[SourceVersion "1"]
[SourceVersionDate "2013.02.25"]
[SourceQuality "1"]

1. a3 e5 2. d3 d5 3. Nf3 Nc6 4. c3 f5 5. Bg5 Nf6 6. e3 a6 7. Bxf6 Qxf6 8. d4 e4 9. Nfd2 Bd6 10. c4 f4 11. cxd5 fxe3 12. Nxe4 exf2+ 13. Nxf2 0-0 14. Qd2 Nxd4 15. Bc4 b5 16. Ba2 Bf5 17. 0-0 Qe5 18. Re1 Nf3+ 19. gxf3 Qxh2+ 20. Kf1 Bxb1 21. Raxb1 Rxf3 22. Re2 Qh1# 0-1

[Event "Madrid-ch Previa-B"]
[Site "Madrid"]
[Date "2013.02.01"]
[Round "1"]
[White "Garcia Serrano, Jose Manuel"]
[Black "Vela Martinez, Jose"]
[Result "1-0"]
[WhiteElo "1877"]
[BlackElo "1542"]
[PlyCount "45"]
[EventDate "2013.02.01"]
[EventType "swiss"]
[EventRounds "9"]
[EventCountry "ESP"]
[SourceTitle "CBM 152 Extra"]
[Source "ChessBase"]
[SourceDate "2013.02.25"]
[SourceVersion "1"]
[SourceVersionDate "2013.02.25"]
[SourceQuality "1"]

1. e4 e5 2. f4 d6 3. Nf3 Nc6 4. Bb5 Bd7 5. d3 exf4 6. Bxf4 g6 7. 0-0 Bg7 8. Nc3 Nge7 9. Bg5 Qc8 10. Qd2 0-0 11. Bxc6 Nxc6 12. Nd5 f6 13. Bh6 Be6 14. c4 Bxd5 15. cxd5 Bxh6 16. Qxh6 Nb4 17. Nd4 Nxd3 18. Ne6 Rf7 19. Rxf6 Qd7 20. Raf1 Rxf6 21. Rxf6 Ne5 22. Rf8+ Rxf8 23. Qxf8# 1-0

[Event "Benidorm op U2000 11th"]
[Site "Benidorm"]
[Date "2012.12.04"]
[Round "5"]
[White "Garcia Serrano, Jose Manuel"]
[Black "Arroyo Rodriguez, Jesus"]
[Result "0-1"]
[WhiteElo "1902"]
[BlackElo "1985"]
[PlyCount "64"]
[EventDate "2012.11.30"]
[EventType "swiss"]
[EventRounds "10"]
[EventCountry "ESP"]
[SourceTitle "EXT 2014"]
[Source "ChessBase"]
[SourceDate "2013.11.20"]
[SourceVersion "1"]
[SourceVersionDate "2013.11.20"]
[SourceQuality "1"]

1. e4 c5 2. d4 cxd4 3. c3 dxc3 4. Nxc3 Nc6 5. Nf3 d6 6. Bc4 e6 7. 0-0 Be7 8. Qe2 a6 9. Rd1 b5 10. Bb3 b4 11. Na4 Qa5 12. Be3 Rb8 13. Rac1 Bd7 14. Nd2 Ne5 15. f4 Bb5 16. Qf2 Nd3 17. Bb6 Nxf2 18. Bxa5 Nxd1 19. Bxd1 Nf6 20. Bc7 Rc8 21. Nb6 0-0 22. Bf3 Nd7 23. Nxc8 Rxc8 24. Nb3 e5 25. Bg4 Kf8 26. fxe5 dxe5 27. Nc5 Rxc7 28. Nxd7+ Rxd7 29. Bxd7 Bxd7 30. Rc7 Ke8 31. Kf1 Kd8 32. Rc4 Bb5 0-1

[Event "Madrid Oliver Gonzalez Memorial-B 3rd"]
[Site "Madrid"]
[Date "2012.09.08"]
[Round "8"]
[White "Garcia Serrano, Jose Manuel"]
[Black "Abul, Qasem"]
[Result "1-0"]
[WhiteElo "1896"]
[BlackElo "2030"]
[PlyCount "65"]
[EventDate "2012.09.01"]
[EventType "swiss"]
[EventRounds "9"]
[EventCountry "ESP"]
[SourceTitle "CBM 150 Extra"]
[Source "ChessBase"]
[SourceDate "2012.10.19"]
[SourceVersion "1"]
[SourceVersionDate "2012.10.19"]
[SourceQuality "1"]

1. e4 e5 2. f4 exf4 3. Nf3 g5 4. h4 g4 5. Ng5 d5 6. exd5 Nf6 7. Bb5+ Bd7 8. Bc4 Qe7+ 9. Kf1 Ne4 10. Nxe4 Qxe4 11. Qe2 Qxe2+ 12. Bxe2 Bd6 13. d4 b5 14. Nc3 a6 15. Ne4 Ke7 16. Nxd6 Kxd6 17. c4 bxc4 18. Bxc4 Bb5 19. Bxf4+ Ke7 20. Re1+ Kd8 21. b3 Nd7 22. Kf2 Re8 23. Rxe8+ Kxe8 24. Bxc7 Nf6 25. Re1+ Kd7 26. d6 Ng8 27. Kg3 Nh6 28. Re7+ Kc6 29. Kf4 Rg8 30. d5+ Kb7 31. Bxb5 axb5 32. Ba5+ Ka6 33. b4 1-0

[Event "Madrid Oliver Gonzalez Memorial-B 3rd"]
[Site "Madrid"]
[Date "2012.09.07"]
[Round "7"]
[White "Sacristan Latorre, Alberto"]
[Black "Garcia Serrano, Jose Manuel"]
[Result "0-1"]
[WhiteElo "2041"]
[BlackElo "1896"]
[PlyCount "74"]
[EventDate "2012.09.01"]
[EventType "swiss"]
[EventRounds "9"]
[EventCountry "ESP"]
[SourceTitle "CBM 150 Extra"]
[Source "ChessBase"]
[SourceDate "2012.10.19"]
[SourceVersion "1"]
[SourceVersionDate "2012.10.19"]
[SourceQuality "1"]

1. e4 e5 2. Nf3 Nc6 3. d4 exd4 4. Nxd4 Nf6 5. Nxc6 bxc6 6. e5 Qe7 7. Qe2 Nd5 8. c4 Ba6 9. b3 g6 10. g3 Bg7 11. f4 0-0 12. Bg2 Rfe8 13. 0-0 Rab8 14. Re1 Qc5+ 15. Kh1 d6 16. Qd1 dxe5 17. cxd5 exf4 18. Ba3 Qf2 19. Nd2 Bxa1 20. Ne4 Bc3 21. Rf1 Qxa2 22. Nxc3 Qxa3 23. Rxf4 Qxb3 24. Qd2 cxd5 25. Bxd5 Bb7 26. Bxb7 Qxb7+ 27. Kg1 Rbd8 28. Qf2 Qb6 29. Rxf7 Qxf2+ 30. Rxf2 a5 31. Ra2 Ra8 32. Kf2 Re5 33. Na4 Rf8+ 34. Kg2 Rd8 35. Rc2 Rd7 36. Kf3 Rd4 37. Nc5 a4 0-1

[Event "Madrid Oliver Gonzalez Memorial-B 3rd"]
[Site "Madrid"]
[Date "2012.09.02"]
[Round "2"]
[White "Garcia Serrano, Jose Manuel"]
[Black "Lara Granero, Bio"]
[Result "0-1"]
[WhiteElo "1896"]
[BlackElo "2069"]
[PlyCount "50"]
[EventDate "2012.09.01"]
[EventType "swiss"]
[EventRounds "9"]
[EventCountry "ESP"]
[SourceTitle "CBM 150 Extra"]
[Source "ChessBase"]
[SourceDate "2012.10.19"]
[SourceVersion "1"]
[SourceVersionDate "2012.10.19"]
[SourceQuality "1"]

1. e4 c5 2. d4 cxd4 3. c3 Nf6 4. e5 Nd5 5. cxd4 e6 6. Nc3 Nxc3 7. bxc3 Qc7 8. Nf3 d6 9. exd6 Bxd6 10. Bd2 b6 11. Bd3 Bb7 12. 0-0 Nd7 13. Rc1 h6 14. c4 0-0 15. h3 e5 16. Nxe5 Nxe5 17. dxe5 Bxe5 18. Be3 Rad8 19. Qc2 Rfe8 20. Rfe1 Qc6 21. f4 Bc3 22. Re2 Rxe3 23. Rxe3 Bd4 24. Rce1 Re8 25. Bf5 Rxe3 0-1